| 000 | 00622pam a2200229 a 4500 | ||
|---|---|---|---|
| 001 | 1478813 | ||
| 005 | 20180308041619.0 | ||
| 008 | 871006s1989 mdua b 001 0 eng c | ||
| 010 | _a 87029604 | ||
| 020 | _a0683005987 | ||
| 040 |
_aDNLM/DLC _cDLC _dDLC |
||
| 041 | _aeng | ||
| 060 | _aWP 145 P895 | ||
| 080 | _a618.1 | ||
| 082 | 0 | 0 |
_a616.994 BER _219 |
| 100 | _a10 | ||
| 101 | _aGJIN | ||
| 245 | 0 | 0 |
_aPractical gynecologic oncology / _c[edited by] Jonathan S. Berek, Neville F. Hacker. |
| 504 | _aIncludes bibliographies and index. | ||
| 906 |
_a7 _bcbc _corignew _d1 _eocip _f19 _gy-gencatlg |
||
| 942 |
_2ddc _cBK |
||
| 999 |
_c44411 _d44411 |
||